Projekt dlhodobého monitoringu mostného objektu
Salvato in:
| Autore principale: | |
|---|---|
| Altri autori: | |
| Natura: | Manoscritto Libro |
| Lingua: | slovacco |
| Pubblicazione: |
2023
|
| Soggetti: | |
| Accesso online: | http://is.stuba.sk/zp/portal_zp.pl?podrobnosti=165010 https://opac.crzp.sk/?fn=detailBiblioForm&sid=C0DEB8E07572332BAA240B15805F |
| Tags: |
Nessun Tag, puoi essere il primo ad aggiungerne!!
|
MARC
| LEADER | 00000ntm a22000003a 4500 | ||
|---|---|---|---|
| 001 | stuzp93955 | ||
| 003 | SK-STU | ||
| 005 | 20230921113846.0 | ||
| 007 | ta | ||
| 008 | 150427s2015----xo-----f-mn---000-0-slo-d | ||
| 040 | |a STU |b slo | ||
| 041 | 0 | |a slo | |
| 100 | 1 | |a Skokan, Matej |u 010140 |4 aut |U SvF Stavebná fakulta |T SvF Katedra geodézie |X 92926 |U V140 |Y 14 |7 92926 | |
| 242 | 0 | 1 | |a Project of geodetic monitoring of a bridge structure |y eng |
| 245 | 1 | 0 | |a Projekt dlhodobého monitoringu mostného objektu |
| 260 | |c 2023 | ||
| 650 | 4 | |a návrh |2 slo | |
| 650 | 4 | |a mostný objekt |2 slo | |
| 650 | 4 | |a vzťažný bod |2 slo | |
| 650 | 4 | |a pozorovaný bod |2 slo | |
| 650 | 4 | |a cena |2 slo | |
| 650 | 4 | |a proposal |2 eng | |
| 650 | 4 | |a bridge object |2 eng | |
| 650 | 4 | |a reference point |2 eng | |
| 650 | 4 | |a observed point |2 eng | |
| 650 | 4 | |a price |2 eng | |
| 700 | 1 | |a Erdélyi, Ján |u 010140 |k Z1 |4 ths |U SvF Stavebná fakulta |T SvF Katedra geodézie |X 10734 |U V140 |Y 14 |7 A000010734 | |
| 856 | 4 | |u http://is.stuba.sk/zp/portal_zp.pl?podrobnosti=165010 | |
| 856 | 4 | |u https://opac.crzp.sk/?fn=detailBiblioForm&sid=C0DEB8E07572332BAA240B15805F | |